Drenaje agrícola /

Guardado en:
Autor Principal: Martínez Beltrán, Julián.
Formato: Libro
Idioma:Spanish
Publicado: Madrid : Secretaría General Técnica, Ministerio de Agricultura, Pesca y Alimentación, 1986.
Series:Series de Ingeniería Rural y Desarrollo Agrario, Manual Técnico ; nº 5.
Etiquetas: Agregar Etiqueta
Sin Etiquetas, Sea el primero en etiquetar este registro!
LEADER 00636nam a22001575a 4500
001 EEA.libagro004891
005 20181019124102.0
008 130809s1986####sp#a##########000#0#spa#d
020 |a 8474795176 
082 0 4 |a 631.62 
100 1 |a Martínez Beltrán, Julián. 
245 1 0 |a Drenaje agrícola /  |c Julián Martínez Beltrán. 
260 |a Madrid :  |b Secretaría General Técnica, Ministerio de Agricultura, Pesca y Alimentación,  |c 1986. 
300 |a 239 p. :  |b il., fot. col. ;  |c 24 cm. 
490 1 |a Series de Ingeniería Rural y Desarrollo Agrario, Manual Técnico ;  |v nº 5. 
859 |a AR-BbBCA  |b BIB. AGRONOMIA  |h 631.62  |i M385  |p 1995/2142  |v Vol. 1  |3 Vol. 1